00624nam a22001457a 450000500170000000800410001702000900005804100130014808200150016110000270017624500730020326000460027630001300032265000260045220231106112856.0231106b |||||||| |||| 00| 0 eng d a0702114898  aEnglish  a346.5 KER  aKernick, LA lEnglish  a1984 Supplement to Administration of Deceased Estates /cLA Kernick  aCape Town :bJuta and Company Ltd, c1984 bv, 26 pages ; c26 cm.  aLegal practice bLaw